000 00799nam a2200229Ia 4500
003 GCL
008 140319s9999 xx 000 0 ara d
040 _aGCL /
_cGCL
082 0 4 _a323.4
_bم ح
100 1 _aالمنظمة العربية لحقوق الانسان
245 1 0 _aحقوق الانسان فى العراق من تقارير المنظمة العربية لحقوق الانسان /
_cالمنظمة العربية لحقوق الانسان
260 _a[S.N] :
_bالزهراء للاعلام العربى
300 _a97 ص
490 _a
650 0 4 _aالعصر الحديث
650 0 4 _aتاريخ
650 0 4 _aالاحوال الاجتماعية
650 0 4 _aالعراق
650 0 4 _aحقوق الانسان
650 0 4 _aصدام حسين
942 _2ddc
_cBK
999 _c27972
_d27972